<?xml version="1.0" encoding="UTF-8"?>
<collection xmlns="http://www.loc.gov/MARC21/slim">
 <record>
  <leader>01346nmm a2200229 a 4500</leader>
  <controlfield tag="001">1/24168</controlfield>
  <controlfield tag="008">041220ss       gr     g   ba       gre a</controlfield>
  <datafield tag="020" ind1=" " ind2=" ">
   <subfield code="a">9607510755</subfield>
  </datafield>
  <datafield tag="035" ind1=" " ind2=" ">
   <subfield code="l">25905</subfield>
  </datafield>
  <datafield tag="040" ind1=" " ind2=" ">
   <subfield code="a">GR-PeUP</subfield>
  </datafield>
  <datafield tag="082" ind1="0" ind2="0">
   <subfield code="a">CD-ROM 660.6 ΒΙΟ</subfield>
  </datafield>
  <datafield tag="245" ind1="0" ind2="0">
   <subfield code="a">Βιοτεχνολογία:</subfield>
   <subfield code="b">Το θαύμα της Γνώσης συναντά το Μεγαλείο της Ζωής /</subfield>
   <subfield code="c">Ζ. Σκούρας ... [κ.α.]</subfield>
  </datafield>
  <datafield tag="260" ind1="0" ind2=" ">
   <subfield code="a">Αθήνα:</subfield>
   <subfield code="b">ΠΑΠΑΣΩΤΗΡΙΟΥ Multimedia</subfield>
  </datafield>
  <datafield tag="300" ind1=" " ind2=" ">
   <subfield code="a">1 CD-ROM +</subfield>
   <subfield code="e">εγχειρίδιο χρήσης</subfield>
  </datafield>
  <datafield tag="500" ind1=" " ind2=" ">
   <subfield code="a">Από τις ζύμες και το ψωμί στη θεραπεία γονιδίου, γενετικά τροποποιημένοι οργανισμοί, γενετική μηχανική, κλωνοποίηση, βιοηθική</subfield>
  </datafield>
  <datafield tag="538" ind1=" " ind2=" ">
   <subfield code="a">Ελάχιστες απαιτήσεις: Επεξεργαστής Pentium 200MHz, Windows 95/98/nt/2000, Ανάλυση οθόνης 640x480 (16-bit), 32 MB RAM, 16X CD-ROM,Quick Time</subfield>
  </datafield>
  <datafield tag="650" ind1=" " ind2="4">
   <subfield code="a">Γενετική μηχανική.</subfield>
  </datafield>
  <datafield tag="650" ind1=" " ind2="4">
   <subfield code="a">Βιοτεχνολογία.</subfield>
  </datafield>
  <datafield tag="650" ind1=" " ind2="4">
   <subfield code="a">Κλωνοποίηση.</subfield>
  </datafield>
  <datafield tag="650" ind1=" " ind2="4">
   <subfield code="a">Βιοηθική.</subfield>
  </datafield>
  <datafield tag="700" ind1="1" ind2=" ">
   <subfield code="a">Σκούρας, Ζαχαρίας Γ.</subfield>
  </datafield>
  <datafield tag="852" ind1=" " ind2=" ">
   <subfield code="a">INST</subfield>
   <subfield code="b">UNIPILB</subfield>
   <subfield code="c">MMEDIA</subfield>
   <subfield code="e">20041220</subfield>
   <subfield code="h">CD-ROM 660.6 ΒΙΟ</subfield>
   <subfield code="p">00145534</subfield>
   <subfield code="q">00145534</subfield>
   <subfield code="t">NOLOAN</subfield>
   <subfield code="y">23</subfield>
   <subfield code="4">1</subfield>
  </datafield>
 </record>
</collection>
